| 000 | 00395nam a22001697a 4500 | ||
|---|---|---|---|
| 005 | 20160621165530.0 | ||
| 008 | 160621b xxu||||| |||| 00| 0 eng d | ||
| 020 | _a978-0-07-061634-9 | ||
| 041 | _aeng | ||
| 082 | _b8814 | ||
| 100 |
_aJawadekar, Waman S _92427 |
||
| 245 | _aManagement Intermation systems | ||
| 260 |
_bTMH _c1999 |
||
| 300 | _a491 | ||
| 650 |
_aManagement _9241 |
||
| 942 | _cBK | ||
| 999 |
_c3440 _d3439 |
||